000 00694nam a22002417a 4500
003 UA-OsUOA
001 76146
007 ta
008 20110615b un ||||| |||| 00| 0 ukr d
100 _aБарміна В.А.
700 _aЦензура М.О.
090 _a330.47:004.65(042.3)
_bБ25
942 _cBK
040 _aUA-OsUOA
_bukr
_cUA-OsUOA
_dUA-OsUOA
245 _aЕкономічна інформатика. СУБД Access
_bопорний конспект лекцій
300 _a156 с.
955 _a2
041 _aukr
080 _a330.47:004.65(042.3)
260 _aК.
_bКНТЕУ
_c2010
650 7 _a330 Економіка взагалі
_2UDC
999 _c362449
_d362449